| 000 | 00915cam a2200277 a 4500 | ||
|---|---|---|---|
| 001 | 1860982 | ||
| 003 | OSt | ||
| 005 | 20230704102430.0 | ||
| 008 | 820929s1982 mau d 000 0 eng | ||
| 010 | _a 82018709 | ||
| 020 |
_a0395329426 : _c$7.95 |
||
| 040 |
_aDLC _cDLC _dDLC |
||
| 043 | _an-us--- | ||
| 082 | 0 | 0 |
_a340.14 _bGOR |
| 100 | 1 |
_aGordon, Frank S., _d1952- |
|
| 245 | 1 | 4 |
_aThe legal word book / _ccompiled by Frank S. Gordon, Thomas M.S. Hemnes, and Charles E. Weinstein. |
| 250 | _a2nd ed. | ||
| 260 |
_aBoston : _bHoughton Mifflin, _cc1982. |
||
| 300 |
_avi, 329 p. ; _c22 cm. |
||
| 650 | 0 |
_aLaw _zUnited States _xTerminology. |
|
| 700 | 1 |
_aHemnes, Thomas M. S., _d1948- |
|
| 700 | 1 | _aWeinstein, Charles E. | |
| 856 | 4 | 2 |
_3Contributor biographical information _uhttp://www.loc.gov/catdir/enhancements/fy0736/82018709-b.html |
| 906 |
_a7 _bcbc _corignew _d1 _eocip _f19 _gy-gencatlg |
||
| 942 |
_2ddc _cBK |
||
| 999 |
_c3646 _d3646 |
||